| 000 | 01332nam0a22002651 4500 | ||
|---|---|---|---|
| 001 | rc\3004568 | ||
| 005 | 20250806200800.0 | ||
| 035 | _a(NLR Aleph) 007147522 | ||
| 090 |
_a2853 _c2853 |
||
| 100 | _a20110921d1944 u y0rusy50 ca | ||
| 101 | 0 | _arus | |
| 102 | _aRU | ||
| 105 | _ay z ||||| | ||
| 200 | 1 | _aСообщение Специальной комиссии по установлению и расследованию обстоятельств расстрела немецко-фашистскими захватчиками в Катынском лесу военнопленных польских офицеров | |
| 210 |
_a[Смоленск] _cгаз. "Рабочий путь" _d1944 _eКондрово |
||
| 215 |
_a58 с. _d16 см |
||
| 300 | _aБез тит. л. | ||
| 710 | 0 | 2 |
_aСССР _bСпециальная комиссия по установлению и расследованию обстоятельств расстрела немецко-фашистскими захватчиками в Катынском лесу военнопленных польских офицеров |
| 801 | 0 |
_aRU _bNLR _gpsbo |
|
| 801 | 1 |
_aRU _bELAR _2rusmarc |
|
| 852 |
_aNLR _jП40 Г-2/27 |
||
| 942 | _cBOOK | ||
| 945 | _aРоссийская национальная библиотека | ||
| 980 | _aNB | ||
| 980 | _aBV | ||